[Event "VII OPEN AMATEUR CALVIA"]
[Site "Calvia - Mallorca (España)"]
[Date "2010.10.12"]
[Round "4"]
[Board "1"]
[White "Porfireanu, Serban"]
[Black "Alemany Jara, Alejandro"]
[Result "0-1"]
[WhiteElo "2024"]
[BlackElo "1835"]
[PlyCount "74"]
[EventDate "2010.10.09"]
[EventRounds "9"]
[EventCountry "ESP"]

1.c4 e5 2.g3 Nf6 3.Bg2 c6 4.Nc3 d5 5.cxd5 cxd5 6.a3 Nc6 7.d3 Bc5 8.e3 Be6 9.Nf3
O-O 10.b4 Be7 11.b5 Nb8 12.Nxe5 Qc7 13.Bb2 Qxe5 14.Nxd5 Qxb2 15.Nxe7+ Kh8
16.Bxb7 Ng4 17.O-O Nd7 18.Bxa8 Rxa8 19.Qf3 Re8 20.Rfb1 Qc3 21.Nd5 Qxd3 22.Nf4
Qf5 23.Qe2 Nde5 24.Nxe6 Qxe6 25.Rd1 Qf5 26.f4 Ng6 27.e4 Qc5+ 28.Kg2 Ne3+ 29.Kh1
Nxd1 30.Rxd1 Qxa3 31.e5 Qe7 32.Qc4 h6 33.Qc6 Nf8 34.Ra1 Rb8 35.Qc3 Kg8 36.h4 Qd7
37.Kh2 Rxb5

[Event "VII OPEN AMATEUR CALVIA"]
[Site "Calvia - Mallorca (España)"]
[Date "2010.10.12"]
[Round "4"]
[Board "1"]
[White "Oliver Amengual, Adria"]
[Black "Pietinen, Pekka"]
[Result "0-1"]
[WhiteElo "1866"]
[BlackElo "1997"]
[PlyCount "93"]
[EventDate "2010.10.09"]
[EventRounds "9"]
[EventCountry "ESP"]

1.e4 e5 2.Nf3 Nc6 3.d4 exd4 4.Nxd4 Bc5 5.Be3 Qf6 6.c3 Nge7 7.Bc4 d6 8.O-O Bb6
9.Nb5 Ba5 10.N1a3 a6 11.Nd4 Qg6 12.Nxc6 bxc6 13.f4 O-O 14.f5 Qf6 15.Bd4 Bb6
16.Kh1 Bxd4 17.cxd4 c5 18.dxc5 dxc5 19.Qe2 Nc6 20.Bd5 Rb8 21.Nc4 Ne5 22.b3 Re8
23.Nxe5 Rxe5 24.Qf3 Bd7 25.Rac1 Rbe8 26.g4 c6 27.Bc4 Rxe4 28.Bxa6 Qh4 29.Rg1 h5
30.gxh5 Rf4 31.Qg2 Qf6 32.Rxc5 Bxf5 33.Rxf5 Rxf5 34.Qh3 Qe5 35.h6 Qd5+ 36.Qg2
Qxg2+ 37.Rxg2 Re1+ 38.Rg1 Rxg1+ 39.Kxg1 gxh6 40.a4 Kf8 41.Bb7 Rf3 42.b4 Rb3
43.Bxc6 Rxb4 44.Kf2 Rb3 45.h3 Rxh3 46.Bf3 Rh4 47.a5

[Event "VII OPEN AMATEUR CALVIA"]
[Site "Calvia - Mallorca (España)"]
[Date "2010.10.12"]
[Round "4"]
[Board "1"]
[White "Carranza Pons, Ricardo Nelson"]
[Black "Jaramillo, Eduardo Alonso"]
[Result "0-1"]
[WhiteElo "1853"]
[BlackElo "1996"]
[PlyCount "72"]
[EventDate "2010.10.09"]
[EventRounds "9"]
[EventCountry "ESP"]

1.e4 c6 2.d4 d5 3.Nc3 dxe4 4.Nxe4 Bf5 5.Ng3 Bg6 6.N1e2 e6 7.h4 h6 8.Nf4 Ne7
9.Bc4 Qd6 10.c3 Bh7 11.Qb3 b5 12.Bd3 Bxd3 13.Nxd3 Nd7 14.Ne4 Qd5 15.Qxd5 Nxd5
16.Ne5 Nxe5 17.dxe5 Be7 18.Bd2 a5 19.Rc1 Nb6 20.b3 O-O 21.Be3 Nd7 22.f4 Rfd8
23.g3 f6 24.Rh2 fxe5 25.Rd2 exf4 26.Bxf4 e5 27.Be3 Nf6 28.Nxf6+ Bxf6 29.Rxd8+
Rxd8 30.Rd1 Kf7 31.Rxd8 Bxd8 32.b4 Ke6 33.Ke2 Kd5 34.Kd3 axb4 35.cxb4 Be7 36.a3
h5

[Event "VII OPEN AMATEUR CALVIA"]
[Site "Calvia - Mallorca (España)"]
[Date "2010.10.12"]
[Round "4"]
[Board "1"]
[White "Serarols Mabras, Bernat"]
[Black "Sokalsky, Alexander"]
[Result "0-1"]
[WhiteElo "1817"]
[BlackElo "2226"]
[PlyCount "62"]
[EventDate "2010.10.09"]
[EventRounds "9"]
[EventCountry "ESP"]

1.d4 Nf6 2.c4 e6 3.Nc3 Bb4 4.Qc2 O-O 5.a3 Bxc3+ 6.Qxc3 h6 7.e3 d6 8.Bd3 e5 9.Ne2
Re8 10.O-O Nbd7 11.b4 e4 12.Bc2 c6 13.Bb3 d5 14.a4 Nf8 15.b5 Ng6 16.Ng3 h5
17.Bd1 h4 18.Nh5 Nxh5 19.Bxh5 Qg5 20.Bxg6 Bh3 21.g3 Qxg6 22.Qe1 Re6 23.cxd5 cxd5
24.f4 Bxf1 25.Kxf1 hxg3 26.Qxg3 Qh5 27.Ba3 Rg6 28.Qf2 Qh3+ 29.Ke2 Rg2 30.Rf1
Qf3+ 31.Ke1 Rxf2

[Event "VII OPEN AMATEUR CALVIA"]
[Site "Calvia - Mallorca (España)"]
[Date "2010.10.12"]
[Round "4"]
[Board "1"]
[White "Gallardo Pina, Neus"]
[Black "Adler, Bo"]
[Result "0-1"]
[WhiteElo "1840"]
[BlackElo "2220"]
[PlyCount "52"]
[EventDate "2010.10.09"]
[EventRounds "9"]
[EventCountry "ESP"]

1.f4 e5 2.fxe5 d6 3.exd6 Bxd6 4.Nf3 g5 5.d3 g4 6.Ng5 Nc6 7.Ne4 Be5 8.Nbc3 f5
9.Bg5 Qd7 10.Nc5 Qd6 11.Be3 Bxh2 12.Nb5 Bg3+ 13.Kd2 Qe7 14.c3 Nf6 15.Qa4 O-O
16.Qc4+ Kh8 17.Nb3 Be6 18.Qc5 Qd7 19.Kc2 a6 20.Bh6 axb5 21.Bxf8 Bxb3+ 22.Kxb3 b6
23.Qg1 Rxf8 24.e3 b4 25.c4 Na5+ 26.Kc2 Qa4+

[Event "VII OPEN AMATEUR CALVIA"]
[Site "Calvia - Mallorca (España)"]
[Date "2010.10.12"]
[Round "4"]
[Board "1"]
[White "Torres Mari, Juan"]
[Black "Tart, Peter K"]
[Result "1/2-1/2"]
[WhiteElo "1775"]
[BlackElo "1948"]
[PlyCount "119"]
[EventDate "2010.10.09"]
[EventRounds "9"]
[EventCountry "ESP"]

1.d4 Nf6 2.c4 c5 3.e3 g6 4.Nf3 Bg7 5.Be2 O-O 6.O-O cxd4 7.exd4 d5 8.b3 Ne4 9.Bb2
Nc6 10.Nc3 Nxc3 11.Bxc3 Bg4 12.Ne5 Bxe2 13.Qxe2 Nxe5 14.dxe5 dxc4 15.Qxc4 Rc8
16.Qb4 Qc7 17.Bd4 a5 18.Qe1 Rfd8 19.Qe3 Rxd4 20.Rac1 Qxc1 21.Rxc1 Rxc1+ 22.Qxc1
Bxe5 23.g3 b6 24.Qc8+ Kg7 25.Qb7 Rd2 26.f4 Bd4+ 27.Kf1 Bc5 28.h4 Rxa2 29.h5 Rf2+
30.Ke1 Rb2 31.Qd5 Rh2 32.g4 Bb4+ 33.Kf1 f6 34.hxg6 hxg6 35.g5 Rd2 36.gxf6+ Kxf6
37.Qe5+ Kf7 38.f5 Rd6 39.fxg6+ Rxg6 40.Qh5 Kg7 41.Ke2 Bc5 42.Kd3 Rg3+ 43.Kc4 Re3
44.Qg5+ Kf8 45.Qh6+ Ke8 46.Qh8+ Kd7 47.Qa8 e5 48.Qd5+ Ke7 49.Kb5 Kf6 50.Kc6 Kf5
51.Qf7+ Ke4 52.Qd5+ Kf4 53.Qf7+ Kg3 54.Qg6+ Kf2 55.Qf5+ Ke1 56.Qb1+ Kd2 57.Qb2+
Kd3 58.Kd5 Bd4 59.Qc1 Ke2 60.Qc2+

[Event "VII OPEN AMATEUR CALVIA"]
[Site "Calvia - Mallorca (España)"]
[Date "2010.10.12"]
[Round "4"]
[Board "1"]
[White "Andersen, Daniel"]
[Black "Solsona Manonelles, Josep"]
[Result "1-0"]
[WhiteElo "1940"]
[BlackElo "1778"]
[PlyCount "53"]
[EventDate "2010.10.09"]
[EventRounds "9"]
[EventCountry "ESP"]

1.c4 e5 2.Nc3 Nf6 3.Nf3 Nc6 4.g3 d5 5.cxd5 Nxd5 6.Bg2 Bb4 7.O-O O-O 8.a3 Bxc3
9.bxc3 Be6 10.e4 Nb6 11.d4 exd4 12.cxd4 Bc4 13.Re1 Na5 14.Rb1 Qd7 15.Ne5 Qa4
16.Qxa4 Nxa4 17.Nxc4 b6 18.Nxa5 bxa5 19.Rb7 c5 20.d5 Nb6 21.Be3 Rfb8 22.Rxb8+
Rxb8 23.Bxc5 Rc8 24.Be3 h6 25.e5 Re8 26.Bc5 Nc4 27.e6

[Event "VII OPEN AMATEUR CALVIA"]
[Site "Calvia - Mallorca (España)"]
[Date "2010.10.12"]
[Round "4"]
[Board "1"]
[White "Orcera Gomez, Francisco"]
[Black "Rodriguez Garcia, Jesus"]
[Result "0-1"]
[WhiteElo "1764"]
[BlackElo "1928"]
[PlyCount "106"]
[EventDate "2010.10.09"]
[EventRounds "9"]
[EventCountry "ESP"]

1.d4 d5 2.Nf3 Nf6 3.g3 e6 4.Bg2 c6 5.O-O Nbd7 6.Nbd2 Bd6 7.c4 O-O 8.Qc2 Re8 9.c5
Bc7 10.e4 dxe4 11.Nxe4 Nxe4 12.Qxe4 Nf6 13.Qc2 h6 14.Bd2 Nd5 15.Rad1 Qf6 16.Rfe1
Bd7 17.Ne5 Re7 18.Bxd5 exd5 19.Nxd7 Rxd7 20.Re2 Re7 21.Rxe7 Qxe7 22.Re1 Qd7
23.Qb3 b5 24.Qe3 Kf8 25.Qd3 Re8 26.Rxe8+ Kxe8 27.Qh7 Qg4 28.Bc3 b4 29.Bxb4 Qxd4
30.Ba3 Qe5 31.Qg8+ Ke7 32.Qa8 Qe1+ 33.Kg2 Qe4+ 34.Kg1 Qa4 35.Qb7 Kd7 36.Qb4 Qxb4
37.Bxb4 d4 38.Kf1 Ke6 39.Ke2 Kd5 40.Kd3 a5 41.Ba3 Bd8 42.b3 Be7 43.Bb2 Bxc5
44.f3 Bb6 45.Ba3 c5 46.h3 h5 47.h4 Bd8 48.Bc1 Bc7 49.f4 a4 50.Bd2 Bd8 51.Bc1 Ba5
52.Ba3 axb3 53.axb3 Be1

[Event "VII OPEN AMATEUR CALVIA"]
[Site "Calvia - Mallorca (España)"]
[Date "2010.10.12"]
[Round "4"]
[Board "1"]
[White "Navarrete Abraham, Jorge"]
[Black "Patola, Eero"]
[Result "0-1"]
[WhiteElo "1716"]
[BlackElo "1924"]
[PlyCount "42"]
[EventDate "2010.10.09"]
[EventRounds "9"]
[EventCountry "ESP"]

1.e4 c5 2.d4 cxd4 3.c3 d3 4.Bxd3 e6 5.c4 Nf6 6.Nf3 Nc6 7.e5 Nxe5 8.Nxe5 Qa5+
9.Nc3 Qxe5+ 10.Be3 a6 11.O-O Qc7 12.Qb3 Ng4 13.g3 Nxe3 14.fxe3 Bc5 15.Rae1 O-O
16.Ne4 Be7 17.c5 Rb8 18.Rc1 b6 19.Qd1 Qe5 20.Bb1 bxc5 21.Qc2 f5

[Event "VII OPEN AMATEUR CALVIA"]
[Site "Calvia - Mallorca (España)"]
[Date "2010.10.12"]
[Round "4"]
[Board "1"]
[White "Oliver Font, Jose Luis"]
[Black "Hermida Izquierdo, Miguel Angel"]
[Result "1-0"]
[WhiteElo "1902"]
[BlackElo "1774"]
[PlyCount "61"]
[EventDate "2010.10.09"]
[EventRounds "9"]
[EventCountry "ESP"]

1.e4 c5 2.Nf3 d6 3.d4 cxd4 4.Nxd4 Bd7 5.Nc3 Nf6 6.Be3 Nc6 7.Nb3 a6 8.Be2 Ne5
9.O-O g6 10.h3 Bg7 11.f4 Nc6 12.Bf3 O-O 13.Nd5 Nxd5 14.exd5 Na5 15.Bd4 Nc4
16.Bxg7 Ne3 17.Qd3 Nxf1 18.Bxf8 Qb6+ 19.Kxf1 Kxf8 20.Re1 Re8 21.Qd4 Qxd4 22.Nxd4
Rc8 23.c3 Kg7 24.Rxe7 Rc7 25.Ne6+ Kf6 26.Rxf7+ Kxf7 27.Nxc7 Kf6 28.Kf2 h5 29.g4
a5 30.Kg3 hxg4 31.Bxg4

[Event "VII OPEN AMATEUR CALVIA"]
[Site "Calvia - Mallorca (España)"]
[Date "2010.10.12"]
[Round "4"]
[Board "1"]
[White "Christiansen, Johan-Sebastian"]
[Black "Matas Artigues, Josep"]
[Result "1-0"]
[WhiteElo "1899"]
[BlackElo "1722"]
[PlyCount "93"]
[EventDate "2010.10.09"]
[EventRounds "9"]
[EventCountry "ESP"]

1.c4 Nf6 2.Nc3 e6 3.g3 d5 4.Bg2 c6 5.cxd5 exd5 6.d4 Bf5 7.Nf3 Nbd7 8.O-O Bd6
9.Re1 O-O 10.Nh4 Bg6 11.e4 Bxe4 12.Nxe4 Nxe4 13.Bxe4 dxe4 14.Rxe4 Nf6 15.Re3 Qd7
16.Rf3 Nd5 17.Qb3 Rae8 18.Bd2 Re4 19.Nf5 Bb8 20.Qd3 Rfe8 21.Bg5 Qe6 22.Kg2 h6
23.Bd2 a6 24.Qb3 Qd7 25.Bxh6 gxh6 26.Nxh6+ Kg7 27.Rxf7+ Qxf7 28.Nxf7 Kxf7
29.Qxb7+ Ne7 30.Qxa6 Rxd4 31.Qa3 Ng6 32.Qf3+ Kg7 33.Qxc6 Rf8 34.Re1 Rd6 35.Qb7+
Kh6 36.Rf1 Rd2 37.Qb4 Re2 38.Qc4 Rd2 39.Qc1 Bf4 40.gxf4 Nxf4+ 41.Kh1 Rfd8 42.a4
Kh5 43.a5 Nh3 44.Qc5+ R8d5 45.Qe3 R2d3 46.Qe8+ Kg5 47.a6

[Event "VII OPEN AMATEUR CALVIA"]
[Site "Calvia - Mallorca (España)"]
[Date "2010.10.12"]
[Round "4"]
[Board "1"]
[White "Jernselius, Kjell"]
[Black "Febrero Perez, Lluis"]
[Result "1/2-1/2"]
[WhiteElo "1897"]
[BlackElo "1599"]
[PlyCount "112"]
[EventDate "2010.10.09"]
[EventRounds "9"]
[EventCountry "ESP"]

1.d4 Nf6 2.Nf3 g6 3.Bg5 Bg7 4.c3 d5 5.Nbd2 Bf5 6.h3 Ne4 7.Bh4 Bh6 8.Nxe4 dxe4
9.Nh2 Qd5 10.e3 Nd7 11.Be2 O-O 12.O-O Nf6 13.Ng4 Bxg4 14.Bxg4 g5 15.Bg3 Nxg4
16.Qxg4 c6 17.Qe2 f5 18.c4 Qd7 19.Qh5 Rf6 20.Be5 Rg6 21.Rad1 Qe6 22.b3 c5 23.Qe2
Rf8 24.f4 exf3 25.Qxf3 cxd4 26.exd4 g4 27.hxg4 Rxg4 28.Rde1 Qd7 29.d5 f4 30.d6
exd6 31.Qd5+ Qf7 32.Qxf7+ Rxf7 33.Bxd6 Rf6 34.Re8+ Kf7 35.Re7+ Kg6 36.Be5 Rf5
37.Rf3 Bf8 38.Rxb7 Rxe5 39.Rh3 h5 40.b4 Re2 41.a3 Rgxg2+ 42.Kf1 Ra2 43.Rxa7 Bxb4
44.axb4 Raf2+ 45.Ke1 f3 46.Ra6+ Kg5 47.Ra5+ Kg4 48.Raxh5 Re2+ 49.Kf1 Kf4
50.R3h4+ Ke3 51.Re5+ Kd3 52.Rd5+ Kc3 53.b5 Rb2 54.Rd1 Rbf2+ 55.Ke1 Re2+ 56.Kf1
Ref2+

[Event "VII OPEN AMATEUR CALVIA"]
[Site "Calvia - Mallorca (España)"]
[Date "2010.10.12"]
[Round "4"]
[Board "1"]
[White "Gomez Lozano, Santiago"]
[Black "Skovle, Lars"]
[Result "1-0"]
[WhiteElo "1556"]
[BlackElo "1705"]
[PlyCount "63"]
[EventDate "2010.10.09"]
[EventRounds "9"]
[EventCountry "ESP"]

1.d4 f5 2.Bg5 d6 3.Nf3 Nd7 4.h3 Ngf6 5.e3 Ne4 6.Nbd2 Nxg5 7.Nxg5 Nf6 8.c4 h6
9.Ngf3 e6 10.Rc1 c6 11.Bd3 Be7 12.Bb1 O-O 13.Qb3 Ne4 14.Nxe4 fxe4 15.Bxe4 d5
16.Bb1 Qa5+ 17.Ke2 Bf6 18.a3 Qc7 19.Qc2 g5 20.Rcg1 Rf7 21.Qg6+ Bg7 22.Ne5 Rf6
23.Qh7+ Kf8 24.Ng6+ Rxg6 25.Qxg6 e5 26.cxd5 exd4 27.d6 Qb6 28.b4 Bd7 29.Ba2 Qb5+
30.Kf3 Be8 31.Qe6 Qe5 32.Qg8#

[Event "VII OPEN AMATEUR CALVIA"]
[Site "Calvia - Mallorca (España)"]
[Date "2010.10.13"]
[Round "5"]
[Board "1"]
[White "Lind, Jan-Olof"]
[Black "Andersen, Lars Even"]
[Result "0-1"]
[WhiteElo "2213"]
[BlackElo "2237"]
[PlyCount "64"]
[EventDate "2010.10.09"]
[EventRounds "9"]
[EventCountry "ESP"]

1.e4 d5 2.exd5 Nf6 3.c4 e6 4.dxe6 Bxe6 5.d4 Bb4+ 6.Bd2 Bxd2+ 7.Qxd2 Qe7 8.Qe2
Nc6 9.Nf3 O-O-O 10.d5 Rhe8 11.Nc3 Qc5 12.dxe6 Rxe6 13.Qxe6+ fxe6 14.Be2 e5
15.O-O e4 16.Ne1 Rd2 17.Rb1 Nd4 18.Bd1 Qxc4 19.g3 b5 20.a3 a5 21.Ng2 b4 22.axb4
axb4 23.Ne3 Qd3 24.Ncd5 Nxd5 25.Nxd5 Nf3+ 26.Bxf3 exf3 27.Ne3 Qb3 28.Nd1 Qe6
29.Ne3 Qh3 30.Kh1 Re2 31.Rg1 Rxf2 32.Nf1 Rg2

[Event "VII OPEN AMATEUR CALVIA"]
[Site "Calvia - Mallorca (España)"]
[Date "2010.10.13"]
[Round "5"]
[Board "1"]
[White "Karlsson, Jorgen"]
[Black "Barcelo Pujadas, Pedro Jose"]
[Result "1-0"]
[WhiteElo "2153"]
[BlackElo "2269"]
[PlyCount "136"]
[EventDate "2010.10.09"]
[EventRounds "9"]
[EventCountry "ESP"]

1.a3 d5 2.g3 Nf6 3.Bg2 c6 4.f4 g6 5.Nf3 Bg7 6.e3 O-O 7.Nc3 Bg4 8.h3 Bxf3 9.Qxf3
d4 10.exd4 Qxd4 11.d3 Qb6 12.Qf2 Nbd7 13.Qxb6 Nxb6 14.O-O Nfd5 15.Nxd5 cxd5
16.c3 e6 17.a4 a5 18.g4 Nd7 19.f5 Rfe8 20.fxe6 fxe6 21.Be3 Rac8 22.Rae1 Ne5
23.d4 Nc4 24.Rf2 Nb6 25.Bf1 Nc4 26.Kg2 e5 27.dxe5 Rxe5 28.Rfe2 Rce8 29.Bc1 Nb6
30.Rxe5 Rxe5 31.Rxe5 Bxe5 32.Bb5 Kf7 33.Kf3 Ke6 34.h4 Nc8 35.h5 Ne7 36.Bd3 Kf7
37.Be3 Bc7 38.c4 dxc4 39.Bxc4+ Kf6 40.hxg6 Nxg6 41.Ke4 Ne5 42.Bd4 h6 43.b3 Bb8
44.Bd5 b6 45.Bxb6 Nxg4 46.Bxa5 Nf2+ 47.Kf3 Nd3 48.Bc3+ Be5 49.Bd2 h5 50.a5 Nc5
51.b4 Nd7 52.a6 Bd4 53.Ke4 Ba7 54.Bc3+ Ke7 55.Bb7 Kd6 56.Kf5 Kc7 57.Ke6 h4
58.Be1 h3 59.Bg3+ Kd8 60.Kf5 Nb8 61.Kg4 Kd7 62.Kxh3 Nc6 63.Be1 Kc7 64.Kg2 Nd8
65.Bg3+ Kd7 66.Bd5 Nc6 67.Bxc6+ Kxc6 68.Bf2 Kd5

[Event "VII OPEN AMATEUR CALVIA"]
[Site "Calvia - Mallorca (España)"]
[Date "2010.10.13"]
[Round "5"]
[Board "1"]
[White "Massanet Massanet, Sebastian"]
[Black "Planas Gene, Juan"]
[Result "1/2-1/2"]
[WhiteElo "2260"]
[BlackElo "2163"]
[PlyCount "172"]
[EventDate "2010.10.09"]
[EventRounds "9"]
[EventCountry "ESP"]

1.e4 e5 2.Nf3 Nf6 3.d4 Nxe4 4.Bd3 d5 5.Nxe5 Nd7 6.Nxd7 Bxd7 7.O-O Be7 8.c4 c6
9.cxd5 cxd5 10.Nc3 Nxc3 11.bxc3 O-O 12.Qh5 f5 13.Qf3 Qa5 14.Bd2 g6 15.Rfb1 Bc6
16.Bc2 Qc7 17.Bb3 Qd7 18.Re1 Bf6 19.Bf4 Rfe8 20.Be5 Kg7 21.Qf4 Re6 22.Re3 Bxe5
23.dxe5 Rae8 24.Qd4 b6 25.Rd1 Qe7 26.f4 Qb7 27.Red3 b5 28.Bxd5 Bxd5 29.Qxd5 Qb6+
30.Rd4 R8e7 31.Rb1 Qc7 32.c4 bxc4 33.Rxc4 Qd7 34.Qxd7 Rxd7 35.Ra4 g5 36.g3 gxf4
37.gxf4 a6 38.Rb2 Rg6+ 39.Kf2 Rh6 40.Ke1 Rc6 41.Re2 Rb7 42.Kf2 Rbb6 43.Rd4 Rh6
44.Rd7+ Kf8 45.Ke3 Rb4 46.Rf2 Rh3+ 47.Ke2 Rh4 48.Kd1 Rhxf4 49.Rxf4 Rxf4 50.Rxh7
Rd4+ 51.Kc2 Re4 52.Rh6 Rxe5 53.Rxa6 Re2+ 54.Kb3 Ke7 55.h4 Rh2 56.Ra4 Ke6 57.Kc3
Ke5 58.Kd3 Rh3+ 59.Ke2 f4 60.h5 Kf5 61.Kf2 Kg4 62.Ra5 Rh2+ 63.Kg1 Rc2 64.h6 Rc1+
65.Kf2 Rc2+ 66.Ke1 Rc1+ 67.Kd2 Rh1 68.Ra6 Kf3 69.a4 Kf2 70.Rf6 f3 71.a5 Rh5
72.a6 Rd5+ 73.Kc3 Rd7 74.Kb4 Ke2 75.Kb5 f2 76.Kc6 Rh7 77.Re6+ Kd2 78.Rd6+ Kc2
79.Rf6 Rxh6 80.Rxh6 f1=Q 81.Kb7 Qf7+ 82.Kb6 Qb3+ 83.Kc6 Qf3+ 84.Kc7 Qf7+ 85.Kb6
Qf2+ 86.Kb7 Qf7+

[Event "VII OPEN AMATEUR CALVIA"]
[Site "Calvia - Mallorca (España)"]
[Date "2010.10.13"]
[Round "5"]
[Board "1"]
[White "Holm, Kristian Stuvik"]
[Black "Lommers, Frank"]
[Result "1/2-1/2"]
[WhiteElo "2151"]
[BlackElo "2191"]
[PlyCount "44"]
[EventDate "2010.10.09"]
[EventRounds "9"]
[EventCountry "ESP"]

1.d4 Nf6 2.c4 c5 3.d5 b5 4.cxb5 a6 5.Nc3 axb5 6.e4 b4 7.Nb5 d6 8.Bf4 g5 9.Bxg5
Nxe4 10.Bf4 Nf6 11.Nf3 Bg7 12.Bd3 Bg4 13.O-O O-O 14.Re1 Nbd7 15.Bg5 Ra5 16.a4
bxa3 17.Nxa3 Ne5 18.Be2 Bxf3 19.Bxf3 Qa8 20.Bxf6 Bxf6 21.Be4 Rb8 22.Rb1 Ng6

[Event "VII OPEN AMATEUR CALVIA"]
[Site "Calvia - Mallorca (España)"]
[Date "2010.10.13"]
[Round "5"]
[Board "1"]
[White "Draghici Flutur, Gavril"]
[Black "Chueca Forcen, Alberto"]
[Result "0-1"]
[WhiteElo "2152"]
[BlackElo "2280"]
[PlyCount "126"]
[EventDate "2010.10.09"]
[EventRounds "9"]
[EventCountry "ESP"]

1.e4 c6 2.Nc3 d5 3.Nf3 dxe4 4.Nxe4 Nf6 5.Nxf6+ gxf6 6.g3 Bf5 7.Bg2 Qd7 8.d4 Bh3
9.Bxh3 Qxh3 10.Bf4 Na6 11.c3 O-O-O 12.Qe2 e6 13.O-O-O Bd6 14.Qe4 Qg4 15.Rhg1 Nc7
16.c4 Rhg8 17.Kb1 Bxf4 18.gxf4 Qh5 19.Rg3 Rg6 20.Re1 Ne8 21.Nd2 Qxh2 22.Qe3 Rxg3
23.fxg3 Kb8 24.f5 e5 25.Nf3 Qh3 26.dxe5 Qxf5+ 27.Qe4 Qg6 28.exf6 Rd1+ 29.Kc2
Rxe1 30.Qxg6 hxg6 31.Nxe1 Nxf6 32.Kd3 Kc7 33.Ke3 Kd6 34.Nf3 Nd7 35.Kd4 c5+
36.Ke4 f6 37.b3 Ke6 38.Ne1 Ne5 39.Ng2 f5+ 40.Ke3 g5 41.Ke2 Nc6 42.Ne3 Ke5 43.Nd5
Nb4 44.Nc3 f4 45.Kf3 Nc6 46.gxf4+ gxf4 47.Nd5 Nd4+ 48.Kg4 f3 49.Kg3 Ke4 50.Kf2
Kd3 51.Nf4+ Kc2 52.Ke3 Kb1 53.b4 cxb4 54.Nd3 Nc2+ 55.Kd2 Na3 56.Nxb4 Nxc4+
57.Kd3 Ne5+ 58.Ke3 a5 59.Nd5 Kxa2 60.Ke4 f2 61.Ne3 Nc4 62.Nf1 a4 63.Kd4 Kb3

[Event "VII OPEN AMATEUR CALVIA"]
[Site "Calvia - Mallorca (España)"]
[Date "2010.10.13"]
[Round "5"]
[Board "1"]
[White "Rhein, Klaus"]
[Black "Renteria, Jorge"]
[Result "0-1"]
[WhiteElo "2146"]
[BlackElo "2266"]
[PlyCount "115"]
[EventDate "2010.10.09"]
[EventRounds "9"]
[EventCountry "ESP"]

1.e4 c5 2.Nc3 d6 3.f4 g6 4.Nf3 Bg7 5.Bc4 Nf6 6.O-O Nc6 7.d3 O-O 8.Qe1 Na5 9.f5
Nxc4 10.dxc4 e6 11.Qh4 exf5 12.exf5 Bxf5 13.Bg5 h6 14.Nd5 hxg5 15.Nxg5 Re8 16.g4
Ne4 17.Qh7+ Kf8 18.Nxf7 Kxf7 19.gxf5 Qg5+ 20.Kh1 Ng3+ 21.hxg3 Rh8 22.fxg6+ Ke8
23.Rae1+ Kd7 24.Rf7+ Kd8 25.Qxh8+ Bxh8 26.Rf8+ Kd7 27.Rxa8 Be5 28.Re3 Qxg6
29.Rxa7 Qh7+ 30.Kg1 Kc6 31.c3 Qb1+ 32.Kf2 Qxb2+ 33.Kf3 Qb1 34.Kg2 Qc2+ 35.Kf3
Qd1+ 36.Kg2 Qg4 37.Ra4 Qd1 38.Ra8 Qc2+ 39.Kf3 b5 40.Ra6+ Kd7 41.Ra7+ Ke8 42.Nc7+
Kf7 43.Nxb5+ Kg6 44.Ra6 Kg5 45.Ra7 Qh2 46.Ke4 Qg2+ 47.Kd3 Qf1+ 48.Re2 Kg4 49.Kd2
Kxg3 50.Rxe5 dxe5 51.Rg7+ Kh4 52.Nd6 Qf4+ 53.Kc2 e4 54.Rh7+ Kg4 55.Rg7+ Kh5
56.Nxe4 Qxe4+ 57.Kb2 Qxc4 58.Rb7

[Event "VII OPEN AMATEUR CALVIA"]
[Site "Calvia - Mallorca (España)"]
[Date "2010.10.13"]
[Round "5"]
[Board "1"]
[White "Garcia Gil, Javier"]
[Black "Nilsson, Viktor"]
[Result "1/2-1/2"]
[WhiteElo "2241"]
[BlackElo "2151"]
[PlyCount "73"]
[EventDate "2010.10.09"]
[EventRounds "9"]
[EventCountry "ESP"]

1.d4 Nf6 2.c4 g6 3.Nc3 d5 4.Bf4 Bg7 5.e3 dxc4 6.Bxc4 O-O 7.Nf3 a6 8.Rc1 b5 9.Bb3
Bb7 10.a4 c6 11.O-O Nbd7 12.Ne5 Rc8 13.h3 Qb6 14.Bg5 e6 15.Bxf6 Nxf6 16.Nd3 Rfd8
17.Qc2 Bf8 18.Ne2 Nd7 19.Nc5 Nxc5 20.dxc5 Qa5 21.Nd4 bxa4 22.Bxa4 Qb4 23.Qb3 a5
24.Qxb4 axb4 25.Bb3 Bg7 26.Rfd1 Rc7 27.Nc2 Rxd1+ 28.Rxd1 Bxb2 29.Nxb4 Ba3 30.Nd3
Rd7 31.Ne5 Rxd1+ 32.Bxd1 f6 33.Nd7 Kf7 34.Ba4 Ke7 35.Nb8 Bxc5 36.Nxc6+ Kd6
37.Na5

[Event "VII OPEN AMATEUR CALVIA"]
[Site "Calvia - Mallorca (España)"]
[Date "2010.10.13"]
[Round "5"]
[Board "1"]
[White "Voiteanu, Gabriel"]
[Black "Lopez Colon, Francisco"]
[Result "1-0"]
[WhiteElo "2236"]
[BlackElo "2145"]
[PlyCount "93"]
[EventDate "2010.10.09"]
[EventRounds "9"]
[EventCountry "ESP"]

1.d4 g6 2.c4 Bg7 3.e4 d6 4.Nc3 Nf6 5.Be2 O-O 6.Bg5 h6 7.Be3 e5 8.d5 Nbd7 9.Qd2
Nc5 10.f3 a5 11.O-O-O Kh7 12.h4 a4 13.g4 Ng8 14.Nh3 a3 15.b3 Kh8 16.Rdg1 c6
17.dxc6 bxc6 18.Bxc5 dxc5 19.Na4 Qd4 20.Kc2 Bf6 21.Rd1 Qxd2+ 22.Rxd2 Rd8 23.Rxd8
Bxd8 24.Nf2 Nf6 25.Nxc5 Nd7 26.Nxd7 Bxd7 27.Nd3 Bc7 28.b4 Kg7 29.Kc3 f5 30.gxf5
gxf5 31.Rg1+ Kf6 32.Nc5 Be8 33.exf5 Kxf5 34.Rg8 Bb6 35.Bd3+ Kf4 36.Bg6 Bxc5
37.bxc5 Bxg6 38.Rxa8 Kxf3 39.Rxa3 Kg4 40.Ra6 Be4 41.Ra8 Bf3 42.a4 e4 43.a5 e3
44.a6 Kg3 45.a7 e2 46.Kd2 Kf2 47.Re8

[Event "VII OPEN AMATEUR CALVIA"]
[Site "Calvia - Mallorca (España)"]
[Date "2010.10.13"]
[Round "5"]
[Board "1"]
[White "Adams, Philip"]
[Black "Spence, David J"]
[Result "0-1"]
[WhiteElo "2133"]
[BlackElo "2225"]
[PlyCount "66"]
[EventDate "2010.10.09"]
[EventRounds "9"]
[EventCountry "ESP"]

1.Nf3 Nf6 2.c4 e6 3.g3 d5 4.b3 b6 5.Bg2 Bb7 6.O-O Be7 7.Bb2 O-O 8.e3 Nbd7 9.Qe2
c5 10.Rd1 Qc7 11.Nc3 Rac8 12.Rac1 Rfd8 13.cxd5 Nxd5 14.Nxd5 Bxd5 15.e4 Bb7 16.d4
Qb8 17.dxc5 Rxc5 18.Rxc5 Nxc5 19.Nd4 Qa8 20.f3 Ba6 21.Qc2 Bf6 22.e5 Bxe5 23.f4
Bxd4+ 24.Rxd4 Qc8 25.Qc3 Rxd4 26.Qxd4 f6 27.Bh3 Qc6 28.Qd8+ Kf7 29.Bg4 Ne4
30.Ba3 Qb5 31.Qe7+ Kg6 32.f5+ exf5 33.Bh5+ Kxh5

[Event "VII OPEN AMATEUR CALVIA"]
[Site "Calvia - Mallorca (España)"]
[Date "2010.10.13"]
[Round "5"]
[Board "1"]
[White "Queirolo Perez, Manuel"]
[Black "Gaya Llodra, Juan"]
[Result "0-1"]
[WhiteElo "2102"]
[BlackElo "2216"]
[PlyCount "102"]
[EventDate "2010.10.09"]
[EventRounds "9"]
[EventCountry "ESP"]

1.e4 e6 2.d4 d5 3.Nc3 Nf6 4.e5 Nfd7 5.Nce2 c5 6.f4 Nc6 7.c3 Qb6 8.Nf3 f6 9.h4
Be7 10.Rh3 O-O 11.a3 Na5 12.b4 cxb4 13.cxb4 Nc4 14.Nc3 a5 15.b5 Qc7 16.Bd2 Ndb6
17.Bd3 f5 18.a4 Nxd2 19.Kxd2 Bb4 20.Qb3 Bd7 21.Ng1 Rac8 22.Nge2 Nc4+ 23.Kd1 Be8
24.Na2 Be7 25.h5 Qb6 26.Rc1 Bf7 27.Bxc4 dxc4 28.Rxc4 Rcd8 29.Qc3 Rd7 30.Kc2 Rfd8
31.Kb3 Be8 32.Qb2 Rd5 33.Kc2 R5d7 34.Nac1 Kf7 35.Rd3 Rd5 36.Nb3 Bb4 37.Nc3 R5d7
38.Na2 Rc7 39.Nc5 Bxc5 40.Rdc3 Rxd4 41.Qb3 Rxc4 42.Rxc4 Be7 43.Rxc7 Qxc7+ 44.Kd3
Qd7+ 45.Ke2 Qd4 46.g3 Bc5 47.Nc1 Ke7 48.Nd3 Bxh5+ 49.Kd2 Bf3 50.Qc2 Bb4+ 51.Kc1
Qa1+

[Event "VII OPEN AMATEUR CALVIA"]
[Site "Calvia - Mallorca (España)"]
[Date "2010.10.13"]
[Round "5"]
[Board "1"]
[White "Pasanen, Tuomo"]
[Black "Galiana Salom, Juan Ramon"]
[Result "0-1"]
[WhiteElo "1992"]
[BlackElo "2204"]
[PlyCount "64"]
[EventDate "2010.10.09"]
[EventRounds "9"]
[EventCountry "ESP"]

1.d4 Nf6 2.c4 c5 3.d5 b5 4.cxb5 a6 5.Nc3 axb5 6.e4 b4 7.Nb5 Bb7 8.Bf4 d6 9.Bc4
Nbd7 10.Nf3 Nh5 11.Bg5 Nb6 12.Nd2 g6 13.e5 f6 14.exf6 exf6 15.Qe2+ Kf7 16.g4 Ng7
17.Bf4 Qd7 18.O-O-O Re8 19.Qd3 g5 20.Bg3 h5 21.Ne4 Nxc4 22.Qxc4 Rxe4 23.Nxd6+
Bxd6 24.Qxe4 Re8 25.Qh7 h4 26.Bxd6 Qxd6 27.Rhe1 Rxe1 28.Rxe1 Bxd5 29.Qd3 c4
30.Qe3 Ne6 31.Rd1 Nf4 32.Qd4 Ne2+

[Event "VII OPEN AMATEUR CALVIA"]
[Site "Calvia - Mallorca (España)"]
[Date "2010.10.13"]
[Round "5"]
[Board "1"]
[White "Tscharotschkin, Michael"]
[Black "Porte, Henrik"]
[Result "1/2-1/2"]
[WhiteElo "2179"]
[BlackElo "2113"]
[PlyCount "68"]
[EventDate "2010.10.09"]
[EventRounds "9"]
[EventCountry "ESP"]

1.d4 d5 2.c4 c6 3.Nc3 Nf6 4.Nf3 a6 5.a4 e6 6.g3 Bb4 7.Bg2 c5 8.dxc5 Nbd7 9.cxd5
Nxd5 10.O-O Nxc3 11.bxc3 Bxc5 12.Ng5 Be7 13.Ne4 O-O 14.Nd6 Qc7 15.Ba3 Nc5
16.Bxc5 Qxc5 17.Nxc8 Qxc8 18.Qb3 Rb8 19.Rfd1 Bf6 20.Rd3 b5 21.axb5 axb5 22.Rb1
Qc4 23.Bf1 Rfd8 24.Rxd8+ Rxd8 25.Qxc4 bxc4 26.Rc1 Rb8 27.e4 Rb3 28.Bxc4 Rxc3
29.Rb1 g5 30.Be2 Rc2 31.Kf1 Bd4 32.f4 gxf4 33.gxf4 Be3 34.f5 Rc1+